<?xml version="1.0" encoding="UTF-8"?>
<record
    xmlns:xsi="http://www.w3.org/2001/XMLSchema-instance"
    xsi:schemaLocation="http://www.loc.gov/MARC21/slim http://www.loc.gov/standards/marcxml/schema/MARC21slim.xsd"
    xmlns="http://www.loc.gov/MARC21/slim">

  <leader>02322njm a2200433Ia 4500</leader>
  <controlfield tag="001">24002</controlfield>
  <controlfield tag="003">IT-RoPAU</controlfield>
  <controlfield tag="005">20220918181120.0</controlfield>
  <controlfield tag="008">131025s9999    xx            000 0 und d</controlfield>
  <datafield tag="040" ind1=" " ind2=" ">
    <subfield code="a">IT-RoPAU</subfield>
  </datafield>
  <datafield tag="040" ind1=" " ind2=" ">
    <subfield code="c">IT-RoPAU</subfield>
  </datafield>
  <datafield tag="999" ind1=" " ind2=" ">
    <subfield code="c">99741</subfield>
    <subfield code="d">99741</subfield>
  </datafield>
  <datafield tag="999" ind1=" " ind2=" ">
    <subfield code="b">n.d.</subfield>
  </datafield>
  <datafield tag="100" ind1=" " ind2=" ">
    <subfield code="a">AA.VV.</subfield>
    <subfield code="9">794</subfield>
  </datafield>
  <datafield tag="100" ind1=" " ind2=" ">
    <subfield code="e">Autore musica</subfield>
    <subfield code="9">8187</subfield>
  </datafield>
  <datafield tag="100" ind1=" " ind2=" ">
    <subfield code="g">Codice autore musica SPICS: 12000</subfield>
    <subfield code="9">796</subfield>
  </datafield>
  <datafield tag="245" ind1=" " ind2=" ">
    <subfield code="a">World of Winifred Atwell (The)-Lp Zal 9388P</subfield>
  </datafield>
  <datafield tag="250" ind1=" " ind2=" ">
    <subfield code="a">2a ed.</subfield>
  </datafield>
  <datafield tag="260" ind1=" " ind2=" ">
    <subfield code="a">LONDON</subfield>
  </datafield>
  <datafield tag="260" ind1=" " ind2=" ">
    <subfield code="b">DECCA RECORD COMPANY</subfield>
    <subfield code="c">1969 [1a Ed.:1967]</subfield>
  </datafield>
  <datafield tag="300" ind1=" " ind2=" ">
    <subfield code="a">DISCO</subfield>
  </datafield>
  <datafield tag="500" ind1=" " ind2=" ">
    <subfield code="a">Musica jazz. Rag, valzer, boogy boogy</subfield>
  </datafield>
  <datafield tag="505" ind1=" " ind2=" ">
    <subfield code="a">The Poor People of Paris - Britannia Rag - Jubilee Rag - Flirtation Waltz - Coronation Rag - Cross Hands Boogie - Choo Choo Samba - March of the Cards - Crazy Words Crazy Tune - Swanee River Boogie - Winnie's Waltzing Rag</subfield>
  </datafield>
  <datafield tag="650" ind1=" " ind2=" ">
    <subfield code="a">JAZZ [DISCHI]</subfield>
    <subfield code="e">Codice MATERIA SPICS: 9950</subfield>
    <subfield code="9">8188</subfield>
  </datafield>
  <datafield tag="700" ind1=" " ind2=" ">
    <subfield code="a">Atwell Winifred</subfield>
    <subfield code="g">Codice iterprete SPICS:  7859</subfield>
    <subfield code="9">8189</subfield>
    <subfield code="e">Interprete</subfield>
  </datafield>
  <datafield tag="700" ind1=" " ind2=" ">
    <subfield code="a">Botsford</subfield>
    <subfield code="g">Codice autore musica SPICS: 14381</subfield>
    <subfield code="e">Autore musica</subfield>
    <subfield code="p">The Black and White Rag</subfield>
    <subfield code="9">8190</subfield>
  </datafield>
  <datafield tag="700" ind1=" " ind2=" ">
    <subfield code="a">Rouzaud</subfield>
    <subfield code="g">Codice autore musica SPICS: 14385</subfield>
    <subfield code="e">Autore musica</subfield>
    <subfield code="p">The Poor People of Paris</subfield>
    <subfield code="9">8191</subfield>
  </datafield>
  <datafield tag="700" ind1=" " ind2=" ">
    <subfield code="a">Monnot M.</subfield>
    <subfield code="g">Codice autore SPICS: 14384</subfield>
    <subfield code="e">Autore</subfield>
    <subfield code="p">The Poor People of Paris</subfield>
    <subfield code="9">8192</subfield>
  </datafield>
  <datafield tag="700" ind1=" " ind2=" ">
    <subfield code="a">Warlock</subfield>
    <subfield code="g">Codice autore musica SPICS: 14386</subfield>
    <subfield code="e">Autore musica</subfield>
    <subfield code="p">Britannia Rag</subfield>
    <subfield code="9">8193</subfield>
  </datafield>
  <datafield tag="700" ind1=" " ind2=" ">
    <subfield code="a">Atwell Winifred</subfield>
    <subfield code="g">Codice autore musica SPICS: 7859</subfield>
    <subfield code="e">Autore musica</subfield>
    <subfield code="p">Jubilee Rag - Coronation Rag - Swanee River Boogie</subfield>
    <subfield code="9">8194</subfield>
  </datafield>
  <datafield tag="700" ind1=" " ind2=" ">
    <subfield code="a">Sarony</subfield>
    <subfield code="g">Codice autore musica SPICS: 14387</subfield>
    <subfield code="e">Autore musica</subfield>
    <subfield code="p">Flirtation Waltz</subfield>
    <subfield code="9">8195</subfield>
  </datafield>
  <datafield tag="700" ind1=" " ind2=" ">
    <subfield code="a">Heywood</subfield>
    <subfield code="g">Codice autore SPICS: 14388</subfield>
    <subfield code="e">Autore</subfield>
    <subfield code="p">Flirtation Waltz</subfield>
    <subfield code="9">8196</subfield>
  </datafield>
  <datafield tag="700" ind1=" " ind2=" ">
    <subfield code="a">New</subfield>
    <subfield code="g">Codice autore musica SPICS: 14389</subfield>
    <subfield code="e">Autore musica</subfield>
    <subfield code="p">Cross Hands Boogie</subfield>
    <subfield code="9">8197</subfield>
  </datafield>
  <datafield tag="700" ind1=" " ind2=" ">
    <subfield code="a">Godinho</subfield>
    <subfield code="g">Codice autore musica SPICS: 14390</subfield>
    <subfield code="e">Autore musica</subfield>
    <subfield code="p">Choo Choo Samba</subfield>
    <subfield code="9">8198</subfield>
  </datafield>
  <datafield tag="700" ind1=" " ind2=" ">
    <subfield code="a">Fain Sammy</subfield>
    <subfield code="g">Codice autore musica SPICS: 14147</subfield>
    <subfield code="e">Autore musica</subfield>
    <subfield code="p">March of the Cards</subfield>
    <subfield code="9">8199</subfield>
  </datafield>
  <datafield tag="700" ind1=" " ind2=" ">
    <subfield code="a">Ager</subfield>
    <subfield code="g">Codice autore musica SPICS: 14391</subfield>
    <subfield code="e">Autore musica</subfield>
    <subfield code="p">Crazy Words Crazy Tune</subfield>
    <subfield code="9">8200</subfield>
  </datafield>
  <datafield tag="700" ind1=" " ind2=" ">
    <subfield code="a">Yellen</subfield>
    <subfield code="g">Codice autore SPICS: 14392</subfield>
    <subfield code="e">Autore</subfield>
    <subfield code="p">Crazy Words Crazy Tune</subfield>
    <subfield code="9">8201</subfield>
  </datafield>
  <datafield tag="700" ind1=" " ind2=" ">
    <subfield code="a">Newbury</subfield>
    <subfield code="g">Codice autore musica SPICS: 14393</subfield>
    <subfield code="e">Autore musica</subfield>
    <subfield code="p">Winnie's Waltzing Rag</subfield>
    <subfield code="9">8202</subfield>
  </datafield>
  <datafield tag="942" ind1=" " ind2=" ">
    <subfield code="c">MD</subfield>
    <subfield code="2">ddc</subfield>
  </datafield>
  <datafield tag="952" ind1=" " ind2=" ">
    <subfield code="0">0</subfield>
    <subfield code="1">0</subfield>
    <subfield code="4">0</subfield>
    <subfield code="6">24002_000000000000000</subfield>
    <subfield code="7">1</subfield>
    <subfield code="a">SPICS</subfield>
    <subfield code="b">SPICS</subfield>
    <subfield code="d">2013-10-25</subfield>
    <subfield code="l">0</subfield>
    <subfield code="o">24002</subfield>
    <subfield code="r">2013-10-25 00:00:00</subfield>
    <subfield code="w">2013-10-25</subfield>
    <subfield code="y">MD</subfield>
    <subfield code="z">Progr. Ins.: 4849 / N.Vol.: 1 / Copie: 1 - Copia rara: n.d. / date import: 01.01.2014 - By Epidotti, Trombetti, Vaglietti</subfield>
  </datafield>
</record>
